Normal view MARC view
  • Madhuri Ghate & [Guide Name] - C M Joshi

Entry Personal Name

Number of records used in: 1

001 - CONTROL NUMBER

  • control field: 103209

003 - CONTROL NUMBER IDENTIFIER

  • control field: OSt

005 - DATE AND TIME OF LATEST TRANSACTION

  • control field: 20221007220500.0

008 - FIXED-LENGTH DATA ELEMENTS

  • fixed length control field: 221007|| aca||aabn | a|a d

040 ## - CATALOGING SOURCE

  • Original cataloging agency: OSt
  • Transcribing agency: OSt

100 ## - HEADING--PERSONAL NAME

  • Personal name: Madhuri Ghate & [Guide Name] - C M Joshi

670 ## - SOURCE DATA FOUND

  • Source citation: Work cat.: (OSt)73475: Madhuri Ghate & [Guide Name] - C M Joshi, Financial Analysis of Wind Turbine Installation In Selected States With Specific Reference to Polices of State Gocernments (2005-2010), Jul-15